Catálogo

Vista normal Vista MARC

Entrada Personal Name

Número de registros utilizados en: 1

001 - CONTROL NUMBER

  • control field: 16055

003 - CONTROL NUMBER IDENTIFIER

  • control field: DLC

005 - DATE AND TIME OF LATEST TRANSACTION

  • control field: 20240807151427.0

008 - FIXED-LENGTH DATA ELEMENTS

  • fixed length control field: 900601n| acannaabn |a aaa

010 ## - LIBRARY OF CONGRESS CONTROL NUMBER

  • LC control number: n 90652374

035 ## - SYSTEM CONTROL NUMBER

  • System control number: (OCoLC)oca02753909

040 ## - CATALOGING SOURCE

  • Original cataloging agency: DLC
  • Language of cataloging: spa
  • Transcribing agency: Mx-PuUPA
  • Modifying agency: OCoLC
  • Modifying agency: Mx-PuUPA
  • Description conventions: rda

100 1# - HEADING--PERSONAL NAME

  • Personal name: Vásquez, Enrique,

374 ## - OCCUPATION

  • Occupation: Editor

375 ## - GENDER

  • Gender: hombre

377 ## - ASSOCIATED LANGUAGE

  • Language code: spa

400 1# - SEE FROM TRACING--PERSONAL NAME

  • Personal name: Vásquez Huamán, Enrique

400 1# - SEE FROM TRACING--PERSONAL NAME

  • Personal name: Huamán, Enrique Vásquez

400 1# - SEE FROM TRACING--PERSONAL NAME

  • Personal name: Vásquez H., Enrique
  • Fuller form of name: (Vásquez Huamán)

670 ## - SOURCE DATA FOUND

  • Source citation: Reaño, G. El grupo Romero, 1988:
  • Information found: t.p. (Enrique Vásquez) verso (copr.: Enrique Vásquez Huamán)

670 ## - SOURCE DATA FOUND

  • Source citation: Gerencia social, 2000:
  • Information found: t.p. (Enrique Vásquez H.) p. [292] (Ph.D. en Política y M.Sc. en Política Pública, Universidad de Oxford, UK; lic. y bachiller en Economía, Universidad del Pacífico, Lima)